000 03729nam a22002657a 4500
001 216219141
003 UA-OsUOA
005 20210118135318.0
008 200830b un ||||| m||| 00| 0 ukr d
040 _aUA-OsUOA
_bukr
_cUA-OsUOA
_dUA-OsUOA
041 _aukr
080 _a346.14:378.1
090 _a346.14:378.1
095 _a12.00.01
_bгосподарське право; господарсько-процесуальне право
100 _aГурак Л. В.
245 _aГосподарсько-правове забезпечення діяльності державних вищих навчальних закладів
_cГурак Любов Василівна ; наук. керівник Бойчук Роман Петрович
260 _aХарків
_c2012
300 _a20 с.
502 _6Автореферат дисертації на здобуття наукового ступеня кандидата юридичних наук
_cНаціональний університет "Юридична академія України імені Ярослава Мудрого"
_d2012
520 _aДисертація присвячена комплексному дослідженню господарсько-правову забезпеченню діяльності державних вищих навчальних закладів. У роботі розкрито особливості господарсько-правового регулювання діяльності державних вищих навчальних закладів, включаючи компетенцію і господарську правосуб'єктність, майнову основу господарювання, договірне забезпечення, господарсько-правові засади регулювання та управління господарською діяльністю. Розглядається компетенція і господарська правосуб'єктність державних вищих навчальних закладів з урахуванням ГК України, Закону України "Про вищу освіту", інших законодавчих актів та запропоновані зміни до чинного законодавства України. Обґрунтована доцільність закріплення майна державних вищих навчальних закладів на єдиному правовому титулі — праві оперативного управління. Удосконалено правове регулювання господарсько-правової відповідальності державних вищих навчальних закладів. Досліджується сутність регулювання та управління господарською діяльністю державних вищих навчальних закладів. Надається загальна характеристика договорів, які опосередковують господарську діяльність державних вищих навчальних закладів. Окрема увага приділяється договору про професійну підготовку за державним замовленням.
650 _2UDC
_a346 Господарське право
942 _2udc
_cAR
955 _a1
999 _c461168
_d461168